[Event "Blitz 2018"]
[Site "Saint-Petersburg"]
[Date "2018.12.29"]
[Round "5"]
[Board "76"]
[White "Levin Evgeny A. (RUS)"]
[Black "Danielyan Vahe (ARM)"]
[Result "0-1"]
[LiveChessVersion "1.4.8"]
[BlackElo "2417"]
[WhiteElo "2539"]

1. d4 {[%clk 0:03:03]} Nf6 {[%clk 0:03:04]} 2. c4 {[%clk 0:03:05]} c5
{[%clk 0:03:05]} 3. d5 {[%clk 0:03:05]} g6 {[%clk 0:03:07]} 4. Nc3 Bg7 5. e4
{[%clk 0:03:06]} d6 {[%clk 0:03:10]} 6. Bd3 {[%clk 0:03:05]} O-O {[%clk 0:03:10]}
7. h3 {[%clk 0:03:06]} a6 {[%clk 0:03:11]} 8. a4 {[%clk 0:03:05]} b6
{[%clk 0:03:13]} 9. Nf3 e5 10. Bg5 {[%clk 0:02:58]} h6 {[%clk 0:03:14]} 11. Be3
{[%clk 0:02:59]} Ra7 {[%clk 0:03:10]} 12. Qd2 {[%clk 0:02:58]} Nh5
{[%clk 0:03:03]} 13. Bxh6 {[%clk 0:02:36]} f5 {[%clk 0:03:02]} 14. Bg5
{[%clk 0:02:31]} Qe8 {[%clk 0:02:58]} 15. O-O-O {[%clk 0:01:28]} Bd7
{[%clk 0:02:59]} 16. b3 {[%clk 0:01:26]} b5 {[%clk 0:03:01]} 17. a5
{[%clk 0:00:49]} bxc4 {[%clk 0:02:58]} 18. Bxc4 {[%clk 0:00:38]} Bb5
{[%clk 0:02:46]} 19. Rhe1 {[%clk 0:00:32]} Bxc4 20. bxc4 {[%clk 0:00:33]} Rb7
{[%clk 0:02:45]} 21. Kc2 {[%clk 0:00:20]} Rb4 {[%clk 0:02:46]} 22. Qd3
{[%clk 0:00:21]} Nd7 {[%clk 0:02:36]} 23. Bc1 {[%clk 0:00:18]} fxe4
{[%clk 0:02:29]} 24. Rxe4 {[%clk 0:00:14]} Nhf6 {[%clk 0:02:29]} 25. Ree1
{[%clk 0:00:14]} e4 {[%clk 0:02:30]} 26. Nxe4 {[%clk 0:00:14]} Nxe4
{[%clk 0:02:27]} 27. Rxe4 {[%clk 0:00:10]} Qb8 {[%clk 0:02:21]} 28. Kd2
{[%clk 0:00:07]} Rb3 {[%clk 0:02:16]} 29. Qc2 {[%clk 0:00:06]} Rc3
{[%clk 0:01:49]} 30. Qa2 {[%clk 0:00:04]} Rcxf3 {[%clk 0:01:03]} 31. gxf3
{[%clk 0:00:05]} Ne5 {[%clk 0:01:04]} 32. Ke2 {[%clk 0:00:03]} Qc8
{[%clk 0:01:03]} 33. Rg1 {[%clk 0:00:03]} Nxf3 {[%clk 0:01:00]} 34. Rxg6
{[%clk 0:00:03]} Qf5 {[%clk 0:01:02]} 35. Rxg7+ Kxg7 {[%clk 0:00:59]} 36. Qb2+
{[%clk 0:00:04]} Nd4+ {[%clk 0:00:39]} 37. Kd3 {[%clk 0:00:05]} Re8
{[%clk 0:00:33]} 38. Qb7+ {[%clk 0:00:05]} Kg6 {[%clk 0:00:29]} 39. Kc3
{[%clk 0:00:00]} 0-1

[Event "Blitz 2018"]
[Site "Saint-Petersburg"]
[Date "2018.12.29"]
[Round "5"]
[Board "77"]
[White "Kryakvin Dmitry (RUS)"]
[Black "Tsoi Dmitry (RUS)"]
[Result "0-1"]
[LiveChessVersion "1.4.8"]
[BlackElo "2387"]
[WhiteElo "2536"]

1. d4 {[%clk 0:03:03]} f5 {[%clk 0:03:03]} 2. Bf4 {[%clk 0:03:04]} Nf6
{[%clk 0:03:03]} 3. e3 {[%clk 0:03:05]} e6 {[%clk 0:03:05]} 4. Be2
{[%clk 0:03:03]} d5 {[%clk 0:03:04]} 5. Nf3 {[%clk 0:03:04]} c6 {[%clk 0:03:06]}
6. h3 {[%clk 0:03:04]} Be7 {[%clk 0:03:04]} 7. O-O {[%clk 0:03:05]} O-O
{[%clk 0:03:04]} 8. c4 {[%clk 0:03:06]} Nbd7 {[%clk 0:03:04]} 9. Nc3
{[%clk 0:03:04]} Ne4 {[%clk 0:03:05]} 10. Ne5 {[%clk 0:03:00]} Nxe5
{[%clk 0:03:06]} 11. Bxe5 {[%clk 0:03:02]} Bd6 {[%clk 0:03:03]} 12. Bxd6
{[%clk 0:02:59]} Nxd6 {[%clk 0:03:03]} 13. c5 {[%clk 0:02:52]} Nf7
{[%clk 0:03:03]} 14. f4 {[%clk 0:02:51]} Kh8 {[%clk 0:02:53]} 15. Kh2
{[%clk 0:02:46]} Bd7 {[%clk 0:02:37]} 16. b4 {[%clk 0:02:47]} a6 {[%clk 0:02:36]}
17. a4 {[%clk 0:02:48]} Rg8 {[%clk 0:02:31]} 18. b5 {[%clk 0:02:42]} axb5
{[%clk 0:02:32]} 19. axb5 {[%clk 0:02:43]} Rxa1 {[%clk 0:02:27]} 20. Qxa1
{[%clk 0:02:45]} g5 {[%clk 0:02:27]} 21. b6 {[%clk 0:02:36]} Qf6 {[%clk 0:02:13]}
22. Qd1 {[%clk 0:02:13]} g4 {[%clk 0:02:03]} 23. Qe1 {[%clk 0:02:01]} h5
{[%clk 0:01:43]} 24. g3 {[%clk 0:01:52]} Ra8 {[%clk 0:01:23]} 25. h4
{[%clk 0:01:47]} Qd8 {[%clk 0:01:23]} 26. Qd2 {[%clk 0:01:47]} Ra3
{[%clk 0:01:13]} 27. Qb2 {[%clk 0:01:17]} Qa8 {[%clk 0:01:12]} 28. Rc1
{[%clk 0:01:14]} Nd8 {[%clk 0:01:05]} 29. Kg1 {[%clk 0:01:13]} Bc8
{[%clk 0:01:05]} 30. Kf2 {[%clk 0:01:12]} Kg7 {[%clk 0:01:06]} 31. Qb4
{[%clk 0:00:53]} Kf7 {[%clk 0:00:46]} 32. Bd1 {[%clk 0:00:54]} Qa5
{[%clk 0:00:44]} 33. Qxa5 {[%clk 0:00:47]} Rxa5 {[%clk 0:00:44]} 34. Ba4
{[%clk 0:00:45]} Ke7 {[%clk 0:00:39]} 35. Ke1 {[%clk 0:00:46]} Bd7
{[%clk 0:00:39]} 36. Kd2 {[%clk 0:00:47]} Be8 {[%clk 0:00:36]} 37. Kc2
{[%clk 0:00:48]} Kd7 {[%clk 0:00:34]} 38. Kb3 {[%clk 0:00:39]} Kc8
{[%clk 0:00:34]} 39. Kb4 {[%clk 0:00:39]} Ra8 {[%clk 0:00:34]} 40. Nb1
{[%clk 0:00:38]} Bd7 {[%clk 0:00:33]} 41. Na3 {[%clk 0:00:37]} Kb8
{[%clk 0:00:32]} 42. Nc2 {[%clk 0:00:38]} Bc8 {[%clk 0:00:31]} 43. Ne1
{[%clk 0:00:39]} Nf7 {[%clk 0:00:31]} 44. Nd3 {[%clk 0:00:40]} Bd7
{[%clk 0:00:32]} 45. Rc3 {[%clk 0:00:39]} Bc8 {[%clk 0:00:33]} 46. Ra3
{[%clk 0:00:39]} Bd7 {[%clk 0:00:33]} 47. Nc1 {[%clk 0:00:30]} Bc8
{[%clk 0:00:34]} 48. Nb3 {[%clk 0:00:31]} Nd8 {[%clk 0:00:34]} 49. Na5
{[%clk 0:00:32]} Bd7 {[%clk 0:00:35]} 50. Ra1 {[%clk 0:00:27]} Bc8
{[%clk 0:00:30]} 51. Ra3 {[%clk 0:00:28]} Bd7 {[%clk 0:00:31]} 52. Nb3
{[%clk 0:00:29]} Bc8 {[%clk 0:00:32]} 53. Nc1 {[%clk 0:00:30]} Bd7
{[%clk 0:00:32]} 54. Nd3 {[%clk 0:00:31]} Nf7 {[%clk 0:00:33]} 55. Ra2
{[%clk 0:00:24]} Bc8 {[%clk 0:00:34]} 56. Bb3 {[%clk 0:00:16]} Rxa2
{[%clk 0:00:35]} 57. Bxa2 {[%clk 0:00:18]} Bd7 {[%clk 0:00:36]} 58. Bb3
{[%clk 0:00:17]} Bc8 {[%clk 0:00:37]} 59. Ba4 {[%clk 0:00:16]} Bd7
{[%clk 0:00:38]} 60. Nc1 {[%clk 0:00:16]} Nd8 {[%clk 0:00:38]} 61. Nb3
{[%clk 0:00:18]} Bc8 {[%clk 0:00:39]} 62. Na5 {[%clk 0:00:19]} Bd7
{[%clk 0:00:40]} 63. Kc3 {[%clk 0:00:18]} Nf7 {[%clk 0:00:36]} 64. Nb3
{[%clk 0:00:19]} Bc8 {[%clk 0:00:36]} 65. Nc1 {[%clk 0:00:20]} Bd7
{[%clk 0:00:37]} 66. Nd3 {[%clk 0:00:21]} Bc8 {[%clk 0:00:37]} 67. Bc2
{[%clk 0:00:19]} Bd7 {[%clk 0:00:39]} 68. Kd2 {[%clk 0:00:17]} Kc8
{[%clk 0:00:39]} 69. Ne5 {[%clk 0:00:13]} Nxe5 {[%clk 0:00:32]} 70. fxe5
{[%clk 0:00:12]} Kd8 {[%clk 0:00:26]} 71. e4 {[%clk 0:00:12]} fxe4 72. Ke3 Ke7
{[%clk 0:00:14]} 73. Kf4 {[%clk 0:00:13]} Be8 {[%clk 0:00:14]} 74. Bd1
{[%clk 0:00:13]} Bf7 {[%clk 0:00:12]} 75. Be2 {[%clk 0:00:14]} Kd7
{[%clk 0:00:10]} 76. Kg5 {[%clk 0:00:15]} Be8 {[%clk 0:00:07]} 77. Kf6
{[%clk 0:00:16]} e3 {[%clk 0:00:07]} 78. Bd3 {[%clk 0:00:10]} Kd8
{[%clk 0:00:07]} 79. Kxe6 {[%clk 0:00:10]} Bg6 {[%clk 0:00:09]} 80. Be2
{[%clk 0:00:10]} Ke8 {[%clk 0:00:07]} 81. Kd6 {[%clk 0:00:10]} Kd8
{[%clk 0:00:04]} 82. e6 {[%clk 0:00:11]} Be4 {[%clk 0:00:03]} 83. e7+ Ke8 84. Kc7
{[%clk 0:00:13]} Bf3 {[%clk 0:00:06]} 85. Bd3 {[%clk 0:00:14]} Be4
{[%clk 0:00:07]} 86. Bf1 {[%clk 0:00:13]} Bg2 {[%clk 0:00:09]} 87. Be2 Bf3
{[%clk 0:00:10]} 88. Bd3 {[%clk 0:00:08]} Be4 {[%clk 0:00:11]} 89. Bf1
{[%clk 0:00:07]} Bg2 {[%clk 0:00:12]} 90. Bxg2 {[%clk 0:00:04]} e2
{[%clk 0:00:13]} 91. Kxb7 {[%clk 0:00:05]} e1=Q {[%clk 0:00:14]} 92. Kxc6
{[%clk 0:00:04]} Qe6+ {[%clk 0:00:13]} 93. Kb5 {[%clk 0:00:03]} Kd7
{[%clk 0:00:10]} 94. e8=Q+ Qxe8 {[%clk 0:00:09]} 95. Bxd5 {[%clk 0:00:04]} Kc8+
{[%clk 0:00:11]} 96. c6 {[%clk 0:00:05]} Qe2+ {[%clk 0:00:11]} 97. Kc5
{[%clk 0:00:06]} Qe7+ 98. Kb5 Qd6 {[%clk 0:00:12]} 99. Kc4 {[%clk 0:00:08]} Qe7
{[%clk 0:00:06]} 100. c7 {[%clk 0:00:06]} Qe2+ {[%clk 0:00:05]} 101. Kc5
{[%clk 0:00:07]} Qc2+ {[%clk 0:00:04]} 102. Bc4 {[%clk 0:00:08]} Qf5+
{[%clk 0:00:03]} 103. d5 {[%clk 0:00:08]} Qf8+ {[%clk 0:00:03]} 104. d6
{[%clk 0:00:09]} Qf5+ {[%clk 0:00:05]} 105. Bd5 {[%clk 0:00:06]} Qc2+
{[%clk 0:00:06]} 106. Kd4 {[%clk 0:00:07]} Qd2+ {[%clk 0:00:05]} 107. Ke5
{[%clk 0:00:08]} Qe3+ {[%clk 0:00:05]} 108. Be4 {[%clk 0:00:08]} Qc5+
{[%clk 0:00:05]} 109. Kf6 {[%clk 0:00:07]} Qxd6+ {[%clk 0:00:05]} 110. Kg5
{[%clk 0:00:08]} Qxb6 111. Kxh5 {[%clk 0:00:10]} Kxc7 {[%clk 0:00:05]} 112. Kxg4
Kd6 0-1

[Event "Blitz 2018"]
[Site "Saint-Petersburg"]
[Date "2018.12.29"]
[Round "5"]
[Board "78"]
[White "Mikhalevski Victor (ISR)"]
[Black "Gurvich Vitaly (RUS)"]
[Result "1-0"]
[LiveChessVersion "1.4.8"]
[BlackElo "2302"]
[WhiteElo "2521"]

1. d4 {[%clk 0:03:03]} Nf6 {[%clk 0:03:03]} 2. Nf3 {[%clk 0:03:03]} e6
{[%clk 0:03:03]} 3. c4 {[%clk 0:03:04]} Bb4+ {[%clk 0:03:04]} 4. Nbd2
{[%clk 0:03:02]} O-O {[%clk 0:03:02]} 5. a3 {[%clk 0:03:03]} Be7 {[%clk 0:03:03]}
6. e4 {[%clk 0:03:04]} d6 {[%clk 0:03:04]} 7. Bd3 {[%clk 0:03:01]} Nbd7
{[%clk 0:03:00]} 8. Nb1 {[%clk 0:02:49]} e5 {[%clk 0:02:53]} 9. Nc3
{[%clk 0:02:46]} Re8 {[%clk 0:02:39]} 10. O-O {[%clk 0:02:43]} a5
{[%clk 0:02:32]} 11. b3 {[%clk 0:02:31]} Bf8 {[%clk 0:02:31]} 12. d5
{[%clk 0:02:28]} g6 {[%clk 0:02:26]} 13. Rb1 {[%clk 0:02:27]} Nh5
{[%clk 0:02:22]} 14. Re1 {[%clk 0:02:24]} Nc5 {[%clk 0:02:14]} 15. Bf1
{[%clk 0:02:18]} f5 {[%clk 0:02:13]} 16. exf5 {[%clk 0:02:14]} Bxf5
{[%clk 0:02:13]} 17. Rb2 {[%clk 0:02:06]} Bg7 {[%clk 0:01:59]} 18. Be3
{[%clk 0:01:40]} b6 {[%clk 0:01:07]} 19. b4 {[%clk 0:01:19]} axb4
{[%clk 0:01:05]} 20. axb4 {[%clk 0:01:20]} Na6 {[%clk 0:00:59]} 21. Rb3
{[%clk 0:01:09]} Nf4 {[%clk 0:00:51]} 22. Nd2 {[%clk 0:01:01]} Qd7
{[%clk 0:00:38]} 23. f3 {[%clk 0:00:50]} h5 {[%clk 0:00:34]} 24. Nde4
{[%clk 0:00:49]} Rf8 {[%clk 0:00:27]} 25. Qd2 {[%clk 0:00:44]} Kh8
{[%clk 0:00:23]} 26. c5 {[%clk 0:00:40]} bxc5 {[%clk 0:00:21]} 27. bxc5
{[%clk 0:00:41]} Nxc5 {[%clk 0:00:20]} 28. Nxc5 {[%clk 0:00:34]} dxc5
{[%clk 0:00:20]} 29. Bxc5 {[%clk 0:00:35]} Rfd8 {[%clk 0:00:14]} 30. Rd1
{[%clk 0:00:30]} Qe8 {[%clk 0:00:06]} 31. Qe3 {[%clk 0:00:28]} Qf7
{[%clk 0:00:04]} 32. Bc4 {[%clk 0:00:27]} c6 {[%clk 0:00:04]} 33. Bb6
{[%clk 0:00:19]} cxd5 {[%clk 0:00:04]} 34. Bxd8 {[%clk 0:00:19]} dxc4
{[%clk 0:00:05]} 35. Rb5 {[%clk 0:00:15]} Nd3 {[%clk 0:00:05]} 36. Bb6
{[%clk 0:00:14]} Re8 {[%clk 0:00:04]} 37. Ne4 {[%clk 0:00:13]} Nf4
{[%clk 0:00:04]} 38. Nd6 {[%clk 0:00:13]} Qd7 {[%clk 0:00:04]} 39. Rd2
{[%clk 0:00:11]} Rf8 {[%clk 0:00:05]} 40. Bc5 {[%clk 0:00:10]} Rg8
{[%clk 0:00:04]} 41. Rb7 {[%clk 0:00:09]} Qa4 {[%clk 0:00:04]} 42. g3
{[%clk 0:00:06]} Nh3+ {[%clk 0:00:03]} 43. Kg2 {[%clk 0:00:07]} Qa1
{[%clk 0:00:03]} 44. Nf7+ {[%clk 0:00:06]} Kh7 {[%clk 0:00:05]} 45. Qh6+
{[%clk 0:00:07]} Bxh6 {[%clk 0:00:05]} 46. Ng5+ {[%clk 0:00:09]} 1-0

[Event "Blitz 2018"]
[Site "Saint-Petersburg"]
[Date "2018.12.29"]
[Round "5"]
[Board "79"]
[White "Pogosyan Stefan (RUS)"]
[Black "Nozdrachev Vladislav (RUS)"]
[Result "0-1"]
[LiveChessVersion "1.4.8"]
[BlackElo "2521"]
[WhiteElo "2330"]

1. Nf3 {[%clk 0:03:04]} Nf6 {[%clk 0:03:03]} 2. b3 {[%clk 0:03:06]} d5
{[%clk 0:02:59]} 3. Bb2 {[%clk 0:03:07]} e6 {[%clk 0:02:58]} 4. e3
{[%clk 0:03:08]} Be7 {[%clk 0:02:58]} 5. c4 {[%clk 0:03:09]} O-O {[%clk 0:02:58]}
6. Nc3 {[%clk 0:03:11]} c5 {[%clk 0:02:56]} 7. cxd5 {[%clk 0:03:12]} exd5
{[%clk 0:02:57]} 8. d4 {[%clk 0:03:08]} b6 {[%clk 0:02:58]} 9. Be2
{[%clk 0:03:08]} Bb7 {[%clk 0:02:59]} 10. O-O {[%clk 0:03:09]} Nbd7
{[%clk 0:03:00]} 11. Rc1 {[%clk 0:03:10]} Rc8 {[%clk 0:02:52]} 12. Ne5
{[%clk 0:02:56]} a6 {[%clk 0:02:34]} 13. Bf3 {[%clk 0:02:40]} Nxe5
{[%clk 0:02:26]} 14. dxe5 {[%clk 0:02:40]} Ne4 {[%clk 0:02:26]} 15. Nxe4
{[%clk 0:02:15]} dxe4 16. Bg4 Qxd1 {[%clk 0:02:25]} 17. Rfxd1 {[%clk 0:01:53]}
Rcd8 {[%clk 0:02:26]} 18. Bd7 {[%clk 0:01:42]} a5 {[%clk 0:02:07]} 19. Rd2
{[%clk 0:01:05]} Ba6 {[%clk 0:02:08]} 20. Rcd1 {[%clk 0:01:07]} Bd3
{[%clk 0:02:03]} 21. e6 {[%clk 0:01:05]} b5 {[%clk 0:01:47]} 22. Bc3
{[%clk 0:00:40]} b4 {[%clk 0:01:43]} 23. Be5 {[%clk 0:00:34]} fxe6
{[%clk 0:01:35]} 24. Bxe6+ {[%clk 0:00:32]} Kh8 {[%clk 0:01:37]} 25. f3
{[%clk 0:00:28]} Bg5 {[%clk 0:01:32]} 26. f4 {[%clk 0:00:29]} Bf6
{[%clk 0:01:32]} 27. Bxf6 {[%clk 0:00:28]} Rxf6 {[%clk 0:01:29]} 28. Bc4
{[%clk 0:00:25]} Rfd6 {[%clk 0:01:30]} 29. Kf2 {[%clk 0:00:21]} a4
{[%clk 0:01:17]} 30. bxa4 g5 {[%clk 0:01:17]} 31. Bxd3 {[%clk 0:00:05]} exd3
{[%clk 0:01:18]} 32. fxg5 {[%clk 0:00:04]} c4 {[%clk 0:01:20]} 33. Rb2
{[%clk 0:00:06]} c3 {[%clk 0:01:20]} 0-1

[Event "Blitz 2018"]
[Site "Saint-Petersburg"]
[Date "2018.12.29"]
[Round "5"]
[Board "80"]
[White "Jones Gawain C B (ENG)"]
[Black "Vlassov Nikolai (RUS)"]
[Result "1-0"]
[LiveChessVersion "1.4.8"]
[BlackElo "2438"]
[WhiteElo "2722"]

1. e4 {[%clk 0:03:02]} Nc6 {[%clk 0:03:03]} 2. Nf3 {[%clk 0:03:03]} d5
{[%clk 0:03:05]} 3. exd5 {[%clk 0:03:03]} Qxd5 {[%clk 0:03:05]} 4. Nc3
{[%clk 0:03:03]} Qa5 {[%clk 0:03:07]} 5. Bc4 {[%clk 0:03:01]} Bg4
{[%clk 0:03:08]} 6. d3 {[%clk 0:02:54]} Nf6 {[%clk 0:03:06]} 7. Bd2
{[%clk 0:02:54]} O-O-O {[%clk 0:02:42]} 8. Nd5 {[%clk 0:02:23]} Qc5
{[%clk 0:02:43]} 9. Be3 {[%clk 0:02:08]} Qa5+ {[%clk 0:02:43]} 10. b4
{[%clk 0:01:53]} Nxb4 {[%clk 0:02:39]} 11. Nxb4 {[%clk 0:01:53]} Qxb4+
{[%clk 0:02:37]} 12. Kf1 {[%clk 0:01:51]} Nd5 {[%clk 0:02:30]} 13. Bxa7
{[%clk 0:01:40]} Nc3 {[%clk 0:02:21]} 14. Qe1 {[%clk 0:01:38]} Bxf3
{[%clk 0:02:22]} 15. gxf3 {[%clk 0:01:38]} e6 {[%clk 0:02:15]} 16. a3
{[%clk 0:01:31]} Qb2 {[%clk 0:02:01]} 17. Kg2 {[%clk 0:01:28]} Nd5
{[%clk 0:01:57]} 18. Qe4 {[%clk 0:01:20]} Qf6 {[%clk 0:01:47]} 19. Be3
{[%clk 0:01:16]} Qg6+ {[%clk 0:01:27]} 20. Qg4 {[%clk 0:01:15]} Nf6
{[%clk 0:01:11]} 21. Qg3 {[%clk 0:01:13]} Bd6 {[%clk 0:01:09]} 22. f4
{[%clk 0:01:11]} Nh5 {[%clk 0:01:08]} 23. Qxg6 {[%clk 0:01:12]} hxg6
{[%clk 0:01:08]} 24. Kf3 {[%clk 0:01:12]} Nf6 {[%clk 0:01:06]} 25. a4
{[%clk 0:01:09]} Rh3+ {[%clk 0:01:06]} 26. Ke2 {[%clk 0:01:09]} Rdh8
{[%clk 0:01:06]} 27. a5 {[%clk 0:01:09]} Rxh2 {[%clk 0:01:07]} 28. Rxh2
{[%clk 0:01:07]} Rxh2 {[%clk 0:01:08]} 29. a6 {[%clk 0:01:08]} bxa6
{[%clk 0:01:09]} 30. Bxa6+ {[%clk 0:01:08]} Kd7 {[%clk 0:01:09]} 31. Bb5+
{[%clk 0:01:09]} Ke7 {[%clk 0:01:11]} 32. Ra8 {[%clk 0:01:09]} Nd5
{[%clk 0:01:07]} 33. Bd4 {[%clk 0:00:56]} Nxf4+ {[%clk 0:01:08]} 34. Kd2
{[%clk 0:00:57]} e5 {[%clk 0:01:08]} 35. Ba7 {[%clk 0:00:54]} Nh3
{[%clk 0:01:04]} 36. Ke2 {[%clk 0:00:52]} g5 {[%clk 0:01:04]} 37. c4
{[%clk 0:00:53]} c5 {[%clk 0:00:57]} 38. Re8+ {[%clk 0:00:53]} Kf6
{[%clk 0:00:58]} 39. Rc8 {[%clk 0:00:55]} Nxf2 {[%clk 0:00:51]} 40. Ke3
{[%clk 0:00:52]} Nd1+ {[%clk 0:00:47]} 41. Kf3 {[%clk 0:00:52]} Rf2+
{[%clk 0:00:45]} 42. Ke4 {[%clk 0:00:48]} Nc3+ {[%clk 0:00:35]} 43. Ke3
{[%clk 0:00:50]} Rb2 {[%clk 0:00:27]} 44. Rc6 {[%clk 0:00:35]} Ke7
{[%clk 0:00:25]} 45. Bxc5 {[%clk 0:00:36]} Bxc5+ {[%clk 0:00:19]} 46. Rxc5
{[%clk 0:00:34]} f6 {[%clk 0:00:17]} 47. Rc7+ {[%clk 0:00:32]} Kf8
{[%clk 0:00:18]} 48. Bd7 {[%clk 0:00:31]} g6 {[%clk 0:00:17]} 49. d4
{[%clk 0:00:31]} e4 {[%clk 0:00:17]} 50. d5 {[%clk 0:00:32]} f5 {[%clk 0:00:18]}
51. Kd4 {[%clk 0:00:30]} Ne2+ {[%clk 0:00:19]} 52. Ke5 {[%clk 0:00:32]} e3
{[%clk 0:00:17]} 53. Kf6 {[%clk 0:00:33]} Rb6+ {[%clk 0:00:16]} 54. Be6
{[%clk 0:00:34]} Rb8 {[%clk 0:00:16]} 55. Rh7 {[%clk 0:00:34]} 1-0

[Event "Blitz 2018"]
[Site "Saint-Petersburg"]
[Date "2018.12.29"]
[Round "5"]
[Board "81"]
[White "Khismatullin Denis (RUS)"]
[Black "Shinkevich Vitaly (RUS)"]
[Result "1-0"]
[LiveChessVersion "1.4.8"]
[BlackElo "2445"]
[WhiteElo "2674"]

1. b3 {[%clk 0:03:04]} c5 {[%clk 0:03:00]} 2. Bb2 {[%clk 0:03:05]} Nf6
{[%clk 0:02:55]} 3. Nf3 {[%clk 0:03:03]} d6 {[%clk 0:02:51]} 4. e3
{[%clk 0:02:45]} g6 {[%clk 0:02:47]} 5. Bb5+ {[%clk 0:02:38]} Bd7
{[%clk 0:02:33]} 6. Bxf6 {[%clk 0:02:38]} exf6 {[%clk 0:02:33]} 7. Bxd7+
{[%clk 0:02:39]} Nxd7 {[%clk 0:02:21]} 8. O-O {[%clk 0:02:31]} f5
{[%clk 0:02:17]} 9. d4 {[%clk 0:02:22]} Bg7 {[%clk 0:02:17]} 10. c3
{[%clk 0:02:10]} O-O {[%clk 0:02:16]} 11. Qd3 {[%clk 0:02:08]} Nf6
{[%clk 0:02:12]} 12. Nbd2 {[%clk 0:02:06]} Qe7 {[%clk 0:02:13]} 13. Rfd1
{[%clk 0:02:04]} Ne4 {[%clk 0:02:11]} 14. Rac1 {[%clk 0:02:05]} Rfe8
{[%clk 0:02:08]} 15. g3 {[%clk 0:01:59]} Bh6 {[%clk 0:02:09]} 16. Ne1
{[%clk 0:01:41]} Nf6 {[%clk 0:01:56]} 17. Ng2 {[%clk 0:01:40]} Rac8
{[%clk 0:01:54]} 18. a4 {[%clk 0:01:34]} Bg7 {[%clk 0:01:44]} 19. Nf4
{[%clk 0:01:31]} h5 {[%clk 0:01:44]} 20. Nf3 {[%clk 0:01:27]} Ne4
{[%clk 0:01:37]} 21. Nd5 {[%clk 0:01:25]} Qe6 {[%clk 0:01:34]} 22. Nf4
{[%clk 0:01:19]} Qe7 {[%clk 0:01:34]} 23. Kg2 {[%clk 0:01:14]} Bh6
{[%clk 0:01:21]} 24. Nd5 {[%clk 0:00:45]} Qe6 {[%clk 0:01:19]} 25. c4
{[%clk 0:00:46]} Kf8 {[%clk 0:00:52]} 26. Nd2 {[%clk 0:00:34]} Bg7
{[%clk 0:00:37]} 27. Nf4 {[%clk 0:00:25]} Qe7 {[%clk 0:00:38]} 28. Nf3
{[%clk 0:00:25]} Kg8 {[%clk 0:00:34]} 29. Rc2 {[%clk 0:00:26]} Kh8
{[%clk 0:00:31]} 30. Rb1 {[%clk 0:00:26]} a5 {[%clk 0:00:23]} 31. Rd1
{[%clk 0:00:25]} Kg8 {[%clk 0:00:24]} 32. h4 {[%clk 0:00:25]} Kf8
{[%clk 0:00:24]} 33. Nd5 {[%clk 0:00:25]} Qe6 {[%clk 0:00:23]} 34. Re1
{[%clk 0:00:23]} Kg8 {[%clk 0:00:23]} 35. Qd1 {[%clk 0:00:23]} Bh6
{[%clk 0:00:20]} 36. Ree2 {[%clk 0:00:22]} Kh7 {[%clk 0:00:18]} 37. Qe1
{[%clk 0:00:23]} f6 {[%clk 0:00:06]} 38. Qxa5 {[%clk 0:00:23]} g5
{[%clk 0:00:08]} 39. Nc7 {[%clk 0:00:20]} Rxc7 {[%clk 0:00:07]} 40. Qxc7+
{[%clk 0:00:21]} Re7 {[%clk 0:00:08]} 41. Qd8 {[%clk 0:00:21]} Re8
{[%clk 0:00:06]} 42. Qc7+ {[%clk 0:00:21]} Re7 {[%clk 0:00:07]} 43. Qb8
{[%clk 0:00:22]} g4 {[%clk 0:00:07]} 44. Nd2 {[%clk 0:00:19]} d5 {[%clk 0:00:07]}
45. Qd8 {[%clk 0:00:19]} Rd7 {[%clk 0:00:08]} 46. Qc8 {[%clk 0:00:19]} Qd6
{[%clk 0:00:07]} 47. Nxe4 {[%clk 0:00:19]} fxe4 {[%clk 0:00:08]} 48. dxc5
{[%clk 0:00:19]} Qe7 {[%clk 0:00:08]} 49. cxd5 {[%clk 0:00:18]} Rxd5
{[%clk 0:00:08]} 50. c6 {[%clk 0:00:19]} bxc6 {[%clk 0:00:04]} 51. Rxc6
{[%clk 0:00:20]} Rd7 {[%clk 0:00:04]} 52. Rec2 {[%clk 0:00:18]} 1-0

[Event "Blitz 2018"]
[Site "Saint-Petersburg"]
[Date "2018.12.29"]
[Round "5"]
[Board "82"]
[White "Piorun Kacper (POL)"]
[Black "Pershin Denis (RUS)"]
[Result "0-1"]
[LiveChessVersion "1.4.8"]
[BlackElo "2354"]
[WhiteElo "2646"]

1. c4 {[%clk 0:03:03]} c6 {[%clk 0:03:04]} 2. g3 {[%clk 0:03:05]} d5
{[%clk 0:03:04]} 3. Nf3 {[%clk 0:03:06]} Nf6 {[%clk 0:03:05]} 4. Bg2
{[%clk 0:03:08]} dxc4 {[%clk 0:02:56]} 5. O-O {[%clk 0:03:09]} Nbd7
{[%clk 0:02:56]} 6. Na3 {[%clk 0:03:10]} Nb6 {[%clk 0:02:57]} 7. Qc2
{[%clk 0:03:11]} Be6 {[%clk 0:02:56]} 8. Ng5 {[%clk 0:03:13]} Bg4
{[%clk 0:02:56]} 9. f3 {[%clk 0:03:12]} Bh5 {[%clk 0:02:51]} 10. Nxc4
{[%clk 0:03:13]} h6 {[%clk 0:02:36]} 11. Nh3 {[%clk 0:03:10]} Qd4+ 12. Ne3 Bg6
{[%clk 0:02:34]} 13. Qc3 {[%clk 0:03:10]} e5 {[%clk 0:02:35]} 14. b3
{[%clk 0:02:58]} Bb4 {[%clk 0:02:06]} 15. Qxd4 {[%clk 0:02:27]} exd4
{[%clk 0:02:06]} 16. Nd1 {[%clk 0:02:28]} O-O-O {[%clk 0:01:58]} 17. a3
{[%clk 0:02:03]} Bd6 {[%clk 0:01:47]} 18. Ndf2 {[%clk 0:01:57]} Rhe8
{[%clk 0:01:45]} 19. Re1 {[%clk 0:01:46]} Bc2 {[%clk 0:01:40]} 20. Bb2
{[%clk 0:01:16]} Bxb3 {[%clk 0:01:32]} 21. Bxd4 {[%clk 0:01:17]} Be7
{[%clk 0:01:10]} 22. Bc3 {[%clk 0:00:47]} Nbd5 {[%clk 0:01:03]} 23. Bb2
{[%clk 0:00:38]} Nb6 {[%clk 0:00:48]} 24. Bc3 {[%clk 0:00:28]} Na4
{[%clk 0:00:49]} 25. Be5 {[%clk 0:00:14]} Rxd2 {[%clk 0:00:45]} 26. Nf4
{[%clk 0:00:15]} Bc5 {[%clk 0:00:35]} 27. Bh3+ {[%clk 0:00:15]} Kd8
{[%clk 0:00:35]} 28. Bxf6+ {[%clk 0:00:16]} gxf6 {[%clk 0:00:36]} 29. Kf1
{[%clk 0:00:15]} Nc3 {[%clk 0:00:33]} 30. Rac1 {[%clk 0:00:08]} Bd4
{[%clk 0:00:22]} 31. e3 {[%clk 0:00:04]} Be5 {[%clk 0:00:24]} 32. N4d3
{[%clk 0:00:04]} Bc4 {[%clk 0:00:24]} 33. Kg1 {[%clk 0:00:03]} Bxd3
{[%clk 0:00:25]} 34. Nxd3 {[%clk 0:00:04]} Rxd3 {[%clk 0:00:26]} 35. f4
{[%clk 0:00:05]} Bd6 {[%clk 0:00:27]} 36. Bf5 {[%clk 0:00:06]} Rdxe3
{[%clk 0:00:28]} 37. Rxe3 {[%clk 0:00:06]} Rxe3 {[%clk 0:00:29]} 38. Kf2
{[%clk 0:00:08]} Bc5 {[%clk 0:00:29]} 39. Kg2 {[%clk 0:00:09]} Bxa3
{[%clk 0:00:27]} 40. Ra1 {[%clk 0:00:10]} Bc5 {[%clk 0:00:27]} 41. Kh3
{[%clk 0:00:11]} b5 {[%clk 0:00:25]} 42. Kg4 {[%clk 0:00:08]} b4 {[%clk 0:00:26]}
0-1